| 000 | 00766nam a2200241Ki 4500 | ||
|---|---|---|---|
| 001 | 1262666632 | ||
| 003 | AUA.1 | ||
| 005 | 20251120174849.0 | ||
| 008 | 210803s2020 nbu b 000 0 eng d | ||
| 020 | _a9781629097619 | ||
| 020 | _a1629097616 | ||
| 035 | _a(OCoLC)1262666632 | ||
| 040 |
_aEXN _beng _erda _cEXN |
||
| 050 |
_aBV4520 _b.V56 2020 |
||
| 100 | 1 |
_aVinCross, Tara J. _eauthor. |
|
| 245 | 1 | 0 |
_aDeep calling : _bon being & growing disciples / _cTara J. VinCross. |
| 260 |
_a[Lincoln, NE] : _bAdventSource, _c©2020. |
||
| 300 |
_a251 pages : _billustrated ; _c22 cm. |
||
| 650 | 0 | _aDiscipling (Christianity) | |
| 650 | 0 |
_aClergy _xAppointment, call, and election. |
|
| 650 | 0 | _aChristian life. | |
| 942 |
_2lcc _cBOOK _hBV 4520 _i.V56 2020 |
||
| 999 |
_c25266 _d25266 |
||